Toxic mould (Record no. 102677)

MARC details
000 -LEADER
fixed length control field 00793cam a2200193 4500
001 - CONTROL NUMBER
control field L121592
008 - FIXED-LENGTH DATA ELEMENTS--GENERAL INFORMATION
fixed length control field 030306n2003 000 0 eng u
035 ## - SYSTEM CONTROL NUMBER
System control number (Sirsi) u121592
041 ## - LANGUAGE CODE
Language code of text/sound track or separate title eng
100 ## - MAIN ENTRY--PERSONAL NAME
Personal name Reyers, John
245 ## - TITLE STATEMENT
Title Toxic mould
260 ## - PUBLICATION, DISTRIBUTION, ETC.
Date of publication, distribution, etc. 2003
490 ## - SERIES STATEMENT
Series statement RICS Building Surveying Faculty: The Journal
Volume/sequential designation (4) July 2002, 3(1)
520 ## - SUMMARY, ETC.
Summary, etc. Examines the health problems associated with the toxic mould, "Stachybotrys charturum". Argues that toxic mould is going to become an important issue for Building Surveyors.
650 ## - SUBJECT ADDED ENTRY--TOPICAL TERM
Topical term or geographic name entry element STACHYBOTRYS CHARTARUM
690 ## - LOCAL SUBJECT ADDED ENTRY--TOPICAL TERM (OCLC, RLIN)
Topical term or geographic name as entry element BUILT ENVIRONMENT-BUILDING PATHOLOGY-FUNGAL INFESTATION
856 ## - ELECTRONIC LOCATION AND ACCESS
Uniform Resource Identifier <a href="https://www.rics.org/RICSWEB/getpage.aspx?p=dmgneBrZak2i4PWCPg34mw">https://www.rics.org/RICSWEB/getpage.aspx?p=dmgneBrZak2i4PWCPg34mw</a>
Public note View the item free of charge at www.rics.org...
942 ## - ADDED ENTRY ELEMENTS (KOHA)
Suppress in OPAC 0
Holdings
Withdrawn status Lost status Source of classification or shelving scheme Damaged status Not for loan Home library Current library Shelving location Date acquired Total Checkouts Full call number Barcode Date last seen Copy number Price effective from Koha item type
    Dewey Decimal Classification     Virtual Virtual Online 11/03/2003   ONLINE PUBLICATION 121592-2001 06/08/2019 1 06/08/2019 Journal article